000 00489nam a2200181Ia 4500
005 20250508152618.0
008 008 250505s9999 xx 000 0 eng d
037 _aTextual
040 _aFEDL
_beng
_cFEDL
041 _aeng
_2eng
084 _a081, IRV
_qFEDL
100 _aPochmann Henry A
_941097
245 0 _aWashington Irving
260 _aNew York, USA
_bAnerican Book Company
_c1934
300 _acxiv,389p
942 _cTEXL
_h081, IRV
999 _c1337591
_d1337591